000
00227nam a22001097a 4500
999
_c
261027
_d
261026
020
_a
139780545073899
100
_a
Donna King
245
_a
Kickoff
260
_a
United States
_b
Scholastic
_c
2007
300
_a
158
942
_c
BK